Most Likely countries to dissapear in next 20 years - Statistics

General Stats
  • This quiz has been taken 28 times
  • The average score is 6 of 10
Answer Stats
How Likely Answer % Correct
6 Iraq
81%
4 Syria
78%
1 Maldives
70%
3 United Kingdom
70%
9 North Korea
63%
2 United States
59%
7 China
48%
5 Libya
44%
10 Spain
44%
8 Belgium
19%
No matching quizzes found
Score Distribution
Percent of People with Each Score
Percentile by Number Answered
Your Score History
You have not taken this quiz